000 02489nam a22002777a 4500
001 40172
003 UA-OsUOA
005 20260325143633.0
007 ta
008 20080602b un ||||| |||| 00| 0 ukr d
020 _a9667873013
040 _aUA-OsUOA
_bukr
_cUA-OsUOA
_dUA-OsUOA
041 _aukr
080 _a82-94
090 _a82-94
_bБ61
245 _aКатерина Білокур очима сучасників
_bспогади, есеї, розвідки з архіву художниці
_cупоряд. Микола Кагарлицький
260 _aК.
_bТоміріс
_c2000
300 _a432 с.
_b2 іл. вкл.
520 _aВ книзі надруковані спогади, есеї, розвідки з архіву художниці. Спогади записав, упорядкував, листи опрацював, підготував, матеріали з архіву художниці прокоментував Микола Кагарлицький. Видавництво К. ТОМІРІС 2000 р. Сторінок 432. У книжці спогадами діляться визначні майстри пензля, різця, слова - М. Дерегус, Т. Яблонська, С. Кириченко, С. Григорєв, Н. Клейн, І Гончар, Д. Косарик, І. Білокур. В книзі є кольорові ілюстації картин Катерини Білокур та чорнобілі фото родини художниці. Обкладинка тверда. На ній зображено картина Катерина К.Білокур з синіми та жовтими квітами та зеленими листочками. По центру написана назва книги жовтим кольором.Ззаду обкладинки зображено білі та сині квіти по седині портрет художниці.
650 7 _a82-94 Історія як літературний жанр. Історичні твори. Історіографія. Хроніки. Аннали, літописи. Мемуари. Спогади. Щоденники. Біографії. Автобіографії
_2UDC
_92061
700 1 _aКагарлицький М.
_eупоряд.
_924647
942 _cBK
_2udc
955 _a3
999 _c438679
_d438679